Bienvenue au Catalogue en Ligne des Bibliothèques de l'Universite du Burundi

Normal view MARC view

Entry Corporate Name

Number of records used in: 1

001 - CONTROL NUMBER

  • control field: 80803

003 - CONTROL NUMBER IDENTIFIER

  • control field: BI-BuBU

005 - DATE AND TIME OF LATEST TRANSACTION

  • control field: 20131025160707.0

008 - FIXED-LENGTH DATA ELEMENTS

  • fixed length control field: 131025|||a|||||| | ||| d

040 ## - CATALOGING SOURCE

  • Original cataloging agency: BI-BuBU
  • Transcribing agency: BI-BuBU

110 ## - HEADING--CORPORATE NAME

  • Corporate name or jurisdiction name as entry element: Université Burundi
  • Subordinate unit: Faculté des lettres et sciences humaines, département des langues et littérature africaines

670 ## - SOURCE DATA FOUND

  • Source citation: Work cat.: (BI-BuBU): aut Abdallah,Hassan 80799, La fonction sémantique des morphemes finals rundi, 2009

670 ## - SOURCE DATA FOUND

  • Source citation: Work cat.: (BI-BuBU): aut Abdallah,Hassan 80799, La fonction sémantique des morphemes finals rundi, 2009
© 2019-2026 - Bibliothèques de l'Université du Burundi |Tous droits réservés
home | Pour toute information urgente Contactez nous | tel whatsupp: +25779204313